000 00387nam a2200169Ia 4500
008 090122s9999 xx 000 0 und d
082 _b2624
_a823
100 _aWeale
_bAnne
245 _aThe Man In Command
260 _bmills and boon ltd
300 _a187
600 _aWeale
630 _aThe Man In Command
700 _aWeale
730 _aThe Man In Command
942 _cBOOK
999 _c26702
_d26702